000 00210 a2200097 4500
001 48511
100 _aPickles, T
245 _aThe wealth of the world
260 _aLondon
_bJ M Dent
_c
090 _c31447
_d31447
942 _aNUST-CAE
_cM
_c23833
999 _c283584
_d283584